Where Did These 2022-2023 Players Play Before Joining Manchester City - Statistics

General Stats
  • This quiz has been taken 146 times
  • The average score is 22 of 35
Answer Stats
Player Nationality Position Year Joined Answer % Correct
Erling Haaland Norway FW 2022 Borussia Dortmund
86%
Jack Grealish England MF 2021 Aston Villa
84%
Ederson Brazil GK 2017 Benfica
83%
Ruben Dias Portugal DF 2020 Benfica
82%
Kyle Walker England DF 2017 Tottenham Hotspur
81%
Kevin De Bruyne Belgium MF 2015 VFL Wolfsburg
81%
Ilkay Gundogan Germany MF 2016 Borussia Dortmund
80%
Riyad Mahrez Algeria FW 2018 Leicester City
80%
Manuel Akanji Switzerland DF 2022 Borussia Dortmund
79%
Kalvin Phillips England MF 2022 Leeds United
77%
Rodri Spain MF 2019 Atletico Madrid
74%
Phil Foden England MF 2017 Manchester City(Academy)
74%
Bernardo Silva Portugal MF 2017 Monaco
73%
John Stones England DF 2016 Everton
72%
Joao Cancelo Portugal DF 2019 Juventus
72%
Cole Palmer England MF 2020 Manchester City(Academy)
72%
Julian Alvarez Argentina FW 2022 River Plate
71%
Nathan Ake Netherlands DF 2020 Bournemouth
70%
Rico Lewis England DF 2022 Manchester City(Academy)
69%
James McAtee England MF 2021 Manchester City(Academy)
69%
Aymeric Laporte Spain DF 2018 Athletic Bilbao
68%
Tommy Dole England MF 2019 Manchester City(Academy)
68%
Joshua Wilson-Esbrand England DF 2021 Manchester City(Academy)
66%
Taylor Harwood-Bellis England DF 2019 Manchester City(Academy)
66%
Liam Delap England FW 2020 Manchester City(Academy)
66%
Benjamin Mendy France DF 2017 Monaco
66%
Luke Mbete England DF 2021 Manchester City(Academy)
62%
James Trafford England GK 2021 Manchester City(Academy)
49%
Stefan Ortega Germany GK 2022 Arminia Bielefeld
40%
Sergio Gomez Spain DF 2022 Anderlecht
29%
Scott Carson England GK 2021 Derby
27%
Zack Steffen USA GK 2019 Columbus Crew
14%
Maximo Perrone Argentina MF 2023 Vélez Sarsfield
11%
Kayky Brazil FW 2021 Fluminense
9%
Yan Couto Brazil DF 2020 Coritiba
7%
No matching quizzes found
Score Distribution
Percent of People with Each Score
Percentile by Number Answered
Your Score History
You have not taken this quiz